| 000 | 00511nam a22001937a 4500 | ||
|---|---|---|---|
| 003 | 0 | ||
| 005 | 20251112090008.0 | ||
| 008 | 251112b xxu||||| |||| 00| 0 eng d | ||
| 020 | _a0-451-52737-2 | ||
| 050 |
_aPA 4025.A2 _b.H766 1999 |
||
| 100 |
_aHomer, _eauthor. |
||
| 245 |
_aThe Iliad / _cHomer. |
||
| 260 |
_aNew York, NY : _bSignet Classic, _c1999. |
||
| 300 |
_a309 pages ; _c18 cm. |
||
| 504 | _aIncludes pronouncing index. | ||
| 650 |
_aMythology _xGreek. |
||
| 650 | _aTrojan War. | ||
| 942 |
_2lcc _cBK |
||
| 999 |
_c368607 _d368607 |
||